Usuaris Parcs Naturals : informe : avaluació de la satisfacció informe :
Publicado:
Barcelona :
Diputació de Barcelona. Direcció de Serveis de Recursos Interns i Sistemes ,
2001
Descripción Física:
46 p. : taules, quadres i graf. ; 30 cm
MARC
| LEADER | 00000nam a2200000Ia 4500 | ||
|---|---|---|---|
| 001 | 22252 | ||
| 003 | BGR | ||
| 005 | 20260324175710.0 | ||
| 008 | 160829s2001 xx 000 0 cat d | ||
| 080 | |a FU-54-1 | ||
| 245 | |a Usuaris Parcs Naturals : |b informe : |b avaluació de la satisfacció | ||
| 260 | |a Barcelona : |b Diputació de Barcelona. Direcció de Serveis de Recursos Interns i Sistemes, |c 2001 | ||
| 300 | |a 46 p. : |b taules, quadres i graf. ; |c 30 cm | ||
| 610 | 0 | |a Barcelona (Catalunya : Província). |b Servei de Parcs Naturals |9 53492 | |
| 650 | |a Parcs naturals |x Barcelona (Província) |x Avaluació |9 38225 | ||
| 650 | |a Parcs naturals |x Barcelona (Província) |x Enquestes |9 38226 | ||
| 710 | 1 | |a Barcelona (Catalunya : Província). |b Diputació |9 52408 | |
| 901 | |a Arxiu | ||
| 942 | |n 1 |2 udc |c MON | ||
| 952 | |0 0 |1 0 |4 0 |6 FU541 |7 1 |9 48330 |a Arxiu |b Arxiu |d 2016-12-01 |l 0 |o FU-54-1 |p 22252 |r 2016-12-01 00:00:00 |w 2016-12-01 |y ARXIU | ||
| 999 | |c 52136 |d 52136 | ||